Geography & History Quiz - Statistics

General Stats
  • This quiz has been taken 22 times
    20 since last reset
  • The average score is 18 of 30
Answer Stats
Question Answer % Correct
What is the capital of Egypt? Cairo
100%
Which of the following countries was never colonized by Europe? Thailand
100%
What country's capital city is Tunis? Tunisia
100%
Which of the following is the smallest country in the world? Vatican City
100%
In what year did the Cuban Missile Crisis take place? 1962
80%
What peninsula does Italy lie on? Apennine
80%
What country did Nazi Germany annex the Sudetenland from with the Munich Agreement? Czechoslovakia
80%
What country does the region Brittany belong to? France
80%
Who founded the Ottoman Empire? Osman I
80%
I was trying to make a question about the most populous city. I was going back & forth from Shanghai, New Delhi, & Tokyo, but all the sources I was looking at had conflicting data. One was from 2011. I gave up when I found out Tokyo actually only had around 13 million residents, rather than 37 million, I had to change the answer for the 5th time, which I was getting tired of doing. Instead of answering that, which country did the United States buy the territory of Alaska from? Russia
80%
Which country is Mount Kilimanjaro located in? Tanzania
80%
What geographical region is the country of Lebanon in? The Levant
80%
Which of the following is the 5th largest country in the world? Brazil
60%
What is the 3rd largest European country? France
60%
Who was the monarch of Great Britain & Ireland during the American Revolution? George III
60%
Which of the following countries do the Zagros Mountains pass through? Iran
60%
What island is the city of Jakarta located on? Java
60%
Which of the following countries is widely considered to be the oldest? San Marino
60%
Which of these countries does the Yellow Sea border? South Korea
60%
Which of the following countries is "doubly landlocked"? Uzbekistan
60%
What continent is the Gobi Desert in? Asia
40%
What city was besieged, conquered, & sacked during the 4th Crusade? Constantinople
40%
What is the 4th most populous country? Indonesia
40%
Which country won the Winter War? The Soviet Union
40%
What is the 4th largest island in the Mediterranean Sea? Corsica
20%
What is Japan's largest island? Honshu
20%
What is the 2nd most populous island in the world? Honshu
20%
Which Chinese dynasty fought in the Opium Wars? Qing
20%
Which country has the most volcanoes? United States
20%
Which of the following countries do the Andes Mountains go through? Venezuela
20%
No matching quizzes found
Score Distribution
Percent of People with Each Score
Percentile by Number Answered
Your Score History
You have not taken this quiz since the last reset